00900nam a2200229Ia 4500003000400000005001700004006001800021007000300039008004100042024001100083037001100094040001800105041001300123100001500136110015000151245012400301260000900425300001900434650003000453700003700483700015000520OSt20220930090328.0a|||||r|||| 00| 0ta220926b |||||||| |||| 00| 0 eng d a109252 cTheses aCRLcCRLbeng 2engaeng aGoel Sudha aUniversity of Delhi. Faculty of Medical Sciences. National Institute of Health and Family Welfare (Department of Community Health Administration) 0aStudy on availability and utilisation of health care facilities providing selected MCH services in urban slums of Delhi c2008 a178p.ap.ccm. aCOMMUNITY HEALTH SERVICES a Dr. Madhulekha Bhattacharya Gu. aUniversity of Delhi. Faculty of Medical Sciences. National Institute of Health and Family Welfare (Department of Community Health Administration)